000 00544nam a2200169Ia 4500
008 240729s9999 xx 000 0 und d
022 _a2166-3831
245 0 _aMaterials Research Letters
260 _aUnited Kingdom
260 _bTaylor & Francis Group
650 _a Electrical engineering. Electronics. Nuclear engineering
650 _a Materials of engineering and construction. Mechanics of materials
650 _aTechnology
856 _uhttps://doaj.org/toc/289becb3a1c34fd2b1d24e667b8efa66
942 _2ddc
942 _cDOAJEJ
999 _c69416
_d69416
945 _a1
_bMadushi Gamage
_c1
_dMadushi Gamage